Introduction to probability and statistics (Record no. 543955)
[ view plain ]
| 000 -LEADER | |
|---|---|
| fixed length control field | 00928cam a22002174a 4500 |
| 082 00 - DEWEY DECIMAL CLASSIFICATION NUMBER | |
| Classification number | 519.5 |
| Author Mark | ALD |
| -- | L-4, P-4 |
| 100 1# - MAIN ENTRY--PERSONAL NAME | |
| Personal name | Fung, Wing Kam. |
| 9 (RLIN) | 39460 |
| 245 10 - TITLE STATEMENT | |
| Title | Introduction to probability and statistics |
| Statement of responsibility, etc. | Alder, henry L. |
| 260 ## - PUBLICATION, DISTRIBUTION, ETC. | |
| Place of publication, distribution, etc. | London ; |
| Name of publisher, distributor, etc. | W.H freeman Company |
| Date of publication, distribution, etc. | 1960. |
| 300 ## - PHYSICAL DESCRIPTION | |
| Extent | viii, 289 p. : |
| Dimensions | 25 cm. |
| 505 0# - FORMATTED CONTENTS NOTE | |
| Formatted contents note | Introduction -- Probability and statistics -- Population genetics -- Parentage testing -- Testing for kinship -- Interpreting mixtures -- Interpreting mixtures in the presence of relatives -- Other issues. |
| 526 ## - STUDY PROGRAM INFORMATION NOTE | |
| Program name | 0 |
| Interest level | 0 |
| Reading level | 0 |
| Title point value | 519_500000000000000_ALD |
| 650 #0 - SUBJECT ADDED ENTRY--TOPICAL TERM | |
| Topical term or geographic name entry element | Forensic genetics |
| General subdivision | Computer programs. |
| 9 (RLIN) | 39461 |
| 650 #0 - SUBJECT ADDED ENTRY--TOPICAL TERM | |
| Topical term or geographic name entry element | Forensic genetics |
| General subdivision | Data processing. |
| 9 (RLIN) | 39462 |
| 650 #0 - SUBJECT ADDED ENTRY--TOPICAL TERM | |
| Topical term or geographic name entry element | MCE |
| General subdivision | Statistical methods. |
| 9 (RLIN) | 39463 |
| 650 12 - SUBJECT ADDED ENTRY--TOPICAL TERM | |
| Topical term or geographic name entry element | DNA Fingerprinting. |
| 9 (RLIN) | 39464 |
| 650 12 - SUBJECT ADDED ENTRY--TOPICAL TERM | |
| Topical term or geographic name entry element | Forensic Genetics |
| General subdivision | methods. |
| 9 (RLIN) | 39465 |
| 650 22 - SUBJECT ADDED ENTRY--TOPICAL TERM | |
| Topical term or geographic name entry element | MCE |
| 9 (RLIN) | 379 |
| 650 22 - SUBJECT ADDED ENTRY--TOPICAL TERM | |
| Topical term or geographic name entry element | Statistics as Topic. |
| 9 (RLIN) | 36435 |
| 942 ## - ADDED ENTRY ELEMENTS (KOHA) | |
| Source of classification or shelving scheme | |
| Koha item type | Book |
| Withdrawn status | Lost status | Source of classification or shelving scheme | Damaged status | Not for loan | Permanent Location | Current Location | Date acquired | Total Checkouts | Full call number | Barcode | Date last seen | Price effective from | Koha item type |
|---|---|---|---|---|---|---|---|---|---|---|---|---|---|
| Military College of Engineering (MCE) | Military College of Engineering (MCE) | 04/08/2014 | 519.5 ALD | MCE-2147 | 04/08/2014 | 04/08/2014 | Book |
